000 00978nam a22003377a 4500
001 0041539
003 KOHA_MİRAKIL
005 20260207003239.0
007 ta
008 130730b1999 tu |||gr||||#||||0|tur |
020 _a9753881193
040 _aTR-BiSEU
_btur
_cTR-BiSEU
_erda
041 0 _atur
044 _ctu
050 _aBH39
_b.L85 1999
100 1 _aLukacs, Georg Szegredi.
245 1 _aEstetik 1/
_cGeorg Szegredi Lukacs ; Georg Szegredi Lukacs ; çeviren A. Cemal.
250 _a3. Basım
264 1 _aİstanbul :
_bPayel
_c1999
300 _a276 sayfa ;
_c20 cm
336 _ametin
_btxt
_2rdacontent
337 _aaracısız
_bn
_2rdamedia
338 _acilt
_bnc
_2rdacarrier
490 1 _aPayel yayınları ;
_v49.
490 1 _aSanat Kuramı Kitapları ;
_v6
500 _aDizin var.
650 0 _aAesthetics.
_922588
830 1 _aPayel yayınları ;
_v49.
_910557
830 1 _aSanat Kuramı Kitapları ;
_v6
_976285
942 _2lcc
_cBK
999 _c41390
_d41390